Catálogo

La familia, motivo de esperanza : (Registro nro. 68780)

Detalles MARC
000 -LEADER
fixed length control field 01183cam a2200313 i 4500
001 - CONTROL NUMBER
control field 68780
003 - CONTROL NUMBER IDENTIFIER
control field Mx-PuUPA
005 - DATE AND TIME OF LATEST TRANSACTION
control field 20250306150644.0
008 - FIXED-LENGTH DATA ELEMENTS--GENERAL INFORMATION
fixed length control field 200305s2015 sp ||||gr|||| 001 0 spa d
017 ## - COPYRIGHT OR LEGAL DEPOSIT NUMBER
Copyright or legal deposit number M-7797-2015
020 ## - INTERNATIONAL STANDARD BOOK NUMBER
International Standard Book Number 9788422018049
040 ## - CATALOGING SOURCE
Original cataloging agency Mx-PuUPA
Language of cataloging spa
Transcribing agency Mx-PuUPA
Modifying agency Mx-PuUPA
Description conventions rda
041 0# - LANGUAGE CODE
Language code of text/sound track or separate title spa
100 1# - MAIN ENTRY--PERSONAL NAME
9 (RLIN) 10631
Personal name Rouco Varela, Antonio Ma.,
Fuller form of name (Antonio María)
Relator term autor
245 13 - TITLE STATEMENT
Title La familia, motivo de esperanza :
Remainder of title doctrina y vida /
Statement of responsibility, etc. Antonio María Rouco Varela
264 #1 - PRODUCTION, PUBLICATION, DISTRIBUTION, MANUFACTURE, AND COPYRIGHT NOTICE
Place of production, publication, distribution, manufacture Madrid :
Name of producer, publisher, distributor, manufacturer Biblioteca de Autores Cristianos,
Date of production, publication, distribution, manufacture, or copyright notice 2015
300 ## - PHYSICAL DESCRIPTION
Extent xiii, 246 páginas ;
Dimensions 21 cm
336 ## - CONTENT TYPE
Content type term texto
Fuente rdacontent
Content type code txt
337 ## - MEDIA TYPE
Media type term sin medio
Source rdamedia
Media type code n
338 ## - CARRIER TYPE
Carrier type term volumen
Source rdacarrier
Carrier type code nc
490 1# - SERIES STATEMENT
Series statement Biblioteca de Autores Cristianos ;
Volume/sequential designation 203
650 #7 - SUBJECT ADDED ENTRY--TOPICAL TERM
Topical term or geographic name entry element Familias
General subdivision Aspectos religiosos
-- Iglesia católica
Source of heading or term armarc
830 #0 - SERIES ADDED ENTRY--UNIFORM TITLE
Uniform title Biblioteca de autores cristianos
9 (RLIN) 12038
Volume/sequential designation 203
942 ## - ADDED ENTRY ELEMENTS (KOHA)
Source of classification or shelving scheme Dewey Decimal Classification
Koha item type Libro
Classification part 306.85
Item part R852
Existencias
Withdrawn status Lost status Source of classification or shelving scheme Damaged status Not for loan Collection code Home library Current library Shelving location Date acquired Source of acquisition Cost, normal purchase price Total Checkouts Full call number Barcode Date last seen Cost, replacement price Price effective from Koha item type Copy number
    Dewey Decimal Classification     General Biblioteca Karol Wojtyla Biblioteca Karol Wojtyla Sala general 20/08/2021 1 507.00   306.85 R852 2015 101151 05/01/2026 507.00 20/08/2021 Libro  
    Dewey Decimal Classification     General Biblioteca Karol Wojtyla Biblioteca Karol Wojtyla Sala general 06/03/2025 25 1094.00   306.85 R852 2015 105911 05/01/2026 1094.00 06/03/2025 Libro Ej.2